Mạch ngầm : Truyện

Saved in:
Bibliographic Details
Main Author: Nguyễn, Hồng Trung
Format: Book
Language:Undetermined
Published: Hà Nội Lao Động 2002
Subjects:
Tags: Add Tag
No Tags, Be the first to tag this record!
Institutions: Trung tâm Học liệu Trường Đại học Cần Thơ
LEADER 00557nam a2200193Ia 4500
001 CTU_226558
008 210402s9999 xx 000 0 und d
082 |a 895.9223 
082 |b Tr513 
100 |a Nguyễn, Hồng Trung 
245 0 |a Mạch ngầm : 
245 0 |b Truyện 
245 0 |c Nguyễn Hồng Trung 
260 |a Hà Nội 
260 |b Lao Động 
260 |c 2002 
650 |a Truyện ngắn Việt Nam,Short stories, Vietnamese 
910 |b vtbtruc 
980 |a Trung tâm Học liệu Trường Đại học Cần Thơ